000 01189nam a2200241Ii 4500
003 JO-AjNU
005 20240625094816.0
008 230605s9999||||xx |||||||||||||| ||und||
040 _aJO-AjNU
_bara
_erda
_cJO-AjNU
041 _aara
050 1 4 _aHD58.7.2021
100 1 _aالمقبل، مروة عارف سالم
_eمعد
_965580
245 0 0 _aاثر الثقة التنظيمية في تطوير راس المال البشري في الجامعات الخاصة الاردنية = The Impact of Organaizational Confidence in the Development of Humman Capital in Jordanian Private Universities /
_cاعداد مروة عارف سالم المقبل؛ اشراف علي فلاح مفلح الزعبي
264 3 1 _a 2021
300 _a139 ورقة
336 _atext
_btxt
_2rdacontent
337 _aunmediated
_bn
_2rdamedia
338 _avolume
_bnc
_2rdacarrier
500 _aرسالة جامعية(اطروحة ماجستير) تخصص ادارة الاعمال/كلية ادارة الاعمال، جامعة عجلون الوطنية، 2021
650 4 _aالمنظمات - إدارة
_962444
700 1 _aالزعبي، علي فلاح
_928684
_eمشرف
942 _2lcc
_cTHS
999 _c31844
_d31844